00918nam a2200253 450000500170000000800410001702000290005802000240008705000190011110000370013024501070016726000310027430000250030533600100033033700140034033800120035450500350036651900440040165000180044570000600046394200070052395201170053099900170064720231102151937.0160606s1997 mx 000 0 spa d a968624901X (colección) a9686249176 (tomo 7) aK623bB66 199710aJiménez de Asúa, LuiseAutor aLecciones de Derecho Penalc / Luis Jiménez de Asúa, Comp. y adaptación Enrique Figueroa Alfonso aMéxicob : Harlac, 1997 axxxiv, 367 páginas atexto asin medio avolumen aDerecho penal Ley penal Delito aMaterial Complementario / d(03 000600)14aDERECHO PENAL aFigueroa Alfonzo, Enriqueecompilación y adaptación cLB 00102lcc3v.74070a03b03d2016-06-06l1oK623 B66 1997p03 000600r2017-08-22s2017-08-22t1w2016-06-06yLB c99984d99984